[Event "Speed Chess Championship 2020"]
[Site "Online"]
[Date "2020.12.12"]
[Round "3.12"]
[White "So, Wesley"]
[Black "Nakamura, Hikaru"]
[Result "0-1"]
[WhiteElo "2816"]
[BlackElo "2736"]
[Annotator "TA"]
[PlyCount "138"]
[EventDate "2020.10.31"]
[EventType "k.o."]
[EventCountry "NET"]

{[%evp 13,138,0,19,8,40,38,47,45,36,34,37,36,50,41,45,0,0,-27,-22,-32,-10,-25,-31,-27,0,0,0,-18,0,-6,-14,-2,16,16,0,-32,-34,-66,-56,-87,-88,-106,-24,-85,-88,-97,-27,-30,-36,-29,-30,-99,-8,-8,-8,-4,-8,-8,-8,-8,-10,-12,-15,-10,-15,-21,-7,-35,-40,-46,-33,-35,-33,-36,-36,-36,-36,-43,-37,-37,-37,-37,-37,-126,-14,-12,-8,-8,-8,-8,0,-1,0,-3,0,0,0,0,8,-38,-39,-39,-35,-35,-31,-31,-31,-35,-33,-39,-35,-45,-14,-39,-39,-39,-13,-39,-23,-23,-8,-4149,-4149,-4149,-4149,-29977,-4149]} 1. e4 c5 2. Nf3 d6 3. d4 cxd4 4. Nxd4 Nf6 5. Nc3 a6 6. Be2 e5 7. Nf3 h6 8. Nd2 {B92: Sicilian Najdorf: 6 Be2.} Be6 9. Nc4 b5 10. Ne3 {White is slightly better.} Nbd7 11. O-O Be7 {[#]} 12. a4 $146 ({Predecessor:} 12. Ncd5 Nb6 13. Qd3 O-O 14. Rd1 Nfxd5 15. exd5 Bd7 16. Nf5 Bxf5 17. Qxf5 Bg5 18. f4 {1-0 (50) Libiszewski,F (2523)-Paragua,M (2500) Rockville 2017}) 12... b4 13. Ncd5 a5 14. Bf3 O-O 15. Re1 Rc8 16. Re2 Rc5 17. Nxe7+ Qxe7 18. Bd2 Rfc8 19. c3 b3 20. h3 R5c7 21. c4 Bxc4 22. Re1 Be6 23. Bxa5 Ra7 24. Bc3 Nc5 25. Bb4 Ncxe4 26. a5 Rb8 $36 {[%mdl 2048] Black is really pushing.} 27. Ba3 Qc7 (27... Qd8 $17 28. Bxe4 Nxe4) 28. Bxe4 (28. Ng4 $1 $11 Bxg4 29. hxg4) 28... Nxe4 $17 29. Nd5 Qc2 ({Black should play} 29... Qxa5 $17 30. Bxd6 Qxa1 31. Bxb8 Qxd1 32. Rxd1 Rd7) 30. Qxc2 $11 bxc2 31. Nb4 $1 {[%cal Rb4c6]} Rc8 {...Nd2 is the strong threat.} 32. Rac1 (32. Nxc2 $1 $11 {keeps the balance.} Rxc2 33. Rxe4) 32... Nf6 ({And not} 32... Rxa5 33. Rxe4 Rac5 34. Re2 $16) (32... Nd2 $17 {And now ...Bf5 would win.} 33. Rxc2 Nc4) 33. Rxc2 Rxc2 34. Nxc2 Rxa5 35. Bxd6 Nd7 36. Ne3 Ra6 37. Rd1 f6 38. f4 exf4 39. Bxf4 Kf7 40. h4 Ra4 41. g3 Rb4 42. Rd2 g5 43. hxg5 hxg5 44. Bd6 Rb3 45. Kf2 f5 46. Nd1 Nf6 {Threatens to win with ...Ne4+.} 47. Nc3 Ng4+ 48. Kg2 {[#]} (48. Ke2 $15) 48... Rb6 (48... Ne3+ $1 $17 49. Kf2 Nc4 {[%mdl 64] Double Attack}) 49. Bc5 Rb8 50. b4 {[%cal Bb2b4,Bb4b5,Bb5b6,Bb6b7][%mdl 32]} Rh8 {Hoping for ...Rh2+.} 51. Bg1 Bc8 52. b5 Bb7+ 53. Kf1 {aiming for Rd7+.} Bf3 54. Rd3 Bh1 55. b6 Ra8 56. b7 Rb8 57. Rd7+ Ke6 58. Ba7 Kxd7 59. Bxb8 Bxb7 $15 {[%mdl 4096] Endgame KBN-KBN} 60. Nd1 Ba6+ 61. Kg1 {Cut Off at move 61} Ke6 62. Nf2 Ne3 63. Nh3 g4 64. Nf4+ Kd7 65. Ba7 (65. Kf2 $5 {[%cal Rf2e3]} Nd1+ 66. Ke1 $15) 65... Nc4 66. Kf2 Nd6 67. Bc5 $2 {[%mdl 8192]} (67. Ke3 $11) 67... Ne4+ $19 {[%mdl 64] [#] Double Attack} 68. Ke3 Nxc5 69. Kd4 Ne4 {Weighted Error Value: White=0.13/Black=0.18} (69... Ne6+ $142 70. Ke5 Nxf4 71. Kxf5 Nd5 72. Kxg4 Ke6 73. Kf3 Ke5 74. g4 Bc4 75. g5 Bd3 76. Kg3 Be4 77. g6 Bxg6 78. Kg4 Be4 79. Kg3 Nc3 80. Kh4 Nd1 81. Kg4 Bf5+ 82. Kg5 Ne3 83. Kh6 Kf6 84. Kh5 Bg6+ 85. Kh4 Kf5 86. Kg3 Nc2 87. Kf3 Bh5+ 88. Kg3 Bd1 89. Kh2 Kg4 90. Kg2 Kh4 91. Kf2 Kh3 92. Kf1 Kg3 93. Kg1 Ne3 94. Kh1 Bh5 95. Kg1 Bg4 96. Kh1 Kf2 97. Kh2 Nf1+ 98. Kh1 Bf3#) 0-1

[Event "Speed Chess Championship 2020"]
[Site "Online"]
[Date "2020.12.12"]
[Round "3.12"]
[White "Vachier-Lagrave, Maxime"]
[Black "Carlsen, Magnus"]
[Result "1-0"]
[WhiteElo "2784"]
[BlackElo "2862"]
[Annotator "TA"]
[PlyCount "93"]
[EventDate "2020.10.31"]
[EventType "k.o."]
[EventCountry "NET"]
[SourceTitle "playchess.com"]
[Source "ChessBase"]
[SourceQuality "1"]

{[%evp 16,93,11,0,20,14,14,15,29,20,28,14,16,18,20,8,35,8,22,15,31,9,18,28,16,16,16,20,35,8,7,-21,-18,-16,-18,-25,-15,-17,-11,-26,-25,-39,-14,-33,-33,-33,-33,-35,-32,-116,-116,-125,-116,-114,-128,-151,-153,-181,-206,-293,-290,-283,-281,-264,-72,-67,-67,-72,-72,-635,-616,-545,-156,-145,-10,-11,0,0,29989,29990]} 1. e4 e5 2. Nf3 Nc6 3. Bb5 a6 4. Ba4 Nf6 5. O-O Be7 6. d3 b5 7. Bb3 d6 8. a3 O-O 9. Nc3 Nb8 {[%cal Bc6b8,Bb8d7,Bd7c5][%mdl 32] 9...Na5 is setting a new trend. C77: Ruy Lopez: 3...a6 4 Ba4 Nf6, unusual lines.} 10. Bd2 $5 {[%mdl 4] A promising side line.} Nbd7 11. a4 Rb8 {The position is equal.} 12. axb5 axb5 {[#]} 13. Ne2 $146 ({Predecessor:} 13. Ba2 c6 14. Ne2 d5 15. Ng3 Bc5 16. exd5 cxd5 17. d4 exd4 18. b4 Bd6 19. Nf5 {1-0 (55) Bacrot,E (2715)-Wojtaszek,R (2745) Linares 2017}) 13... Nc5 14. Ba2 Be6 15. Ng3 Re8 16. Be3 Bxa2 17. Rxa2 Ne6 18. h3 Qd7 19. Qd2 Ra8 20. Rfa1 Rxa2 21. Rxa2 Qc6 22. b3 Ra8 23. c4 bxc4 24. bxc4 Nd7 25. Ne2 Rxa2 26. Qxa2 Ndc5 27. Ne1 Qb7 28. Nc3 c6 29. g3 Bg5 30. Bxc5 Nxc5 31. h4 Bd8 {...Qb4 is the strong threat.} 32. Qc2 (32. Nf3 $15) 32... Ba5 $17 {Strongly threatening ...Qb4.} 33. Nf3 Bxc3 34. Qxc3 Qb1+ 35. Kg2 Qxd3 ({But not} 35... Nxd3 36. Qa5 $15) 36. Qa5 {[%cal Ra5d8]} h6 37. Qa8+ (37. Qd8+ {was worth a try.} Kh7 38. Qc7) 37... Kh7 $19 38. Qxc6 Nxe4 39. Qc8 Nf6 $2 (39... g6 $1 $19 {has better winning chances.} 40. Qa6 Qe2 $1 {[%mdl 512]}) 40. c5 $17 dxc5 41. Qxc5 Ng4 42. Nxe5 $2 {[%mdl 8192]} (42. Nh2 $17 Qe4+ 43. Kg1) 42... Qf5 $19 43. f4 Qe4+ $2 (43... f6 $19 {is more deadly.} 44. Qd4 fxe5 45. fxe5 h5) 44. Kh3 $17 {[#]} Ne3 (44... Nxe5 $1 $17 45. Qxe5 Qxe5 46. fxe5 h5) 45. Qc6 $11 Qb1 46. Qf3 Qg6 $2 {[%mdl 8192]} (46... f5 $11) 47. Nxg6 {Weighted Error Value: White=0.36/Black=0.48} 1-0

[Event "Speed Chess Championship 2020"]
[Site "Online"]
[Date "2020.12.12"]
[Round "3.13"]
[White "Carlsen, Magnus"]
[Black "Vachier-Lagrave, Maxime"]
[Result "1-0"]
[WhiteElo "2862"]
[BlackElo "2784"]
[Annotator "TA"]
[PlyCount "111"]
[EventDate "2020.10.31"]
[EventType "k.o."]
[EventCountry "NET"]
[SourceTitle "playchess.com"]
[Source "ChessBase"]
[SourceQuality "1"]

{[%evp 9,111,23,57,54,54,57,70,43,57,57,78,66,66,62,68,76,78,77,97,97,115,66,100,63,45,27,22,12,28,24,25,23,26,23,29,27,33,-12,-12,-6,-6,-7,-8,-16,-15,-21,-16,-22,-22,-22,-22,-22,-22,-35,-8,-8,0,0,35,32,47,47,47,47,47,47,45,4,4,4,4,4,4,4,4,4,4,4,109,12795,12681,1820,8540,8375,6554,5110,1400,0,29972,29967,29977,29978,29979,29980,29981,29982,29982,29983,29983,29984,29984,29985,29985,29986]} 1. d4 Nf6 2. c4 g6 3. h4 d6 4. Nc3 Nc6 {[#]} 5. e4 $146 ({Predecessor:} 5. Bg5 Bg7 6. e3 h6 7. Bxf6 Bxf6 8. h5 g5 9. Bd3 e6 10. Nge2 Bg7 11. Qd2 {1-0 (29) Tarlabasi,E (2264)-Kiremitciyan,A (2253) Antalya 2019}) 5... e5 6. d5 {E60: King's Indian: Unusual lines and Fianchetto Variation without Nc3.} Nd4 7. Nge2 c5 8. dxc6 $1 {White is slightly better.} bxc6 9. Nxd4 exd4 10. Qxd4 Bg7 11. Bg5 h6 12. Be3 O-O 13. Qd2 $1 Ng4 14. Bd4 Ne5 15. O-O-O Be6 16. f4 c5 17. Bxe5 ({Of course not} 17. fxe5 cxd4 18. Nd5 dxe5 $15) (17. Be3 $5 {[%cal Rf4e5]} Ng4 18. Bg1 $16) 17... dxe5 18. Qf2 Qf6 19. f5 gxf5 20. Nd5 Bxd5 21. cxd5 fxe4 22. Qxf6 Bxf6 23. d6 Rab8 24. Bc4 Kg7 25. g3 e3 26. Rhe1 e4 27. Rxe3 Bxb2+ 28. Kc2 f5 29. Rd5 Bd4 30. Rb3 Kf6 31. d7 {Hoping for Rxb8.} Rxb3 32. axb3 $15 {[%mdl 4096] Endgame KRB-KRB} Rd8 {[#]} 33. b4 $1 {[%cal Bb3b4,Bb4c5,Bc5c6][%mdl 544]} Be5 (33... cxb4 34. Rxd4) 34. bxc5 Bxg3 35. c6 Bc7 36. Rb5 $1 {[%cal Rb5b7] Black must now prevent Rb7.} Ke7 37. Rxf5 Rf8 $1 {[%cal Rf8f5]} 38. Rb5 {White wants to play Rb7.} Kd6 39. Rh5 Kxc6 40. Bb5+ Kb6 41. Ba4 Bd8 42. Rxh6+ Kc7 43. h5 Rf6 (43... Rf2+ $11 44. Kb3 Bf6) 44. Rxf6 $1 $16 Bxf6 {[#] KB-KB} 45. h6 $1 Kd6 46. h7 Ke7 47. Kd2 Bd4 48. Kc2 $2 (48. Bc6 $18 Kd8 49. Ke2 (49. Bxe4 Kxd7 50. Bg2 Bf6 $11)) 48... a5 $2 {[%mdl 8192]} (48... Bf6 $11) 49. Kb3 {White mates.} e3 {[#]} 50. Kc2 $1 Bg7 51. Kd3 Kd8 52. Kxe3 Ke7 53. Ke4 Bh8 54. Kd5 Bg7 55. Kc6 Kd8 56. Kd6 {Weighted Error Value: White=0.13/Black=0.24} 1-0

[Event "Speed Chess Championship 2020"]
[Site "Online"]
[Date "2020.12.12"]
[Round "3.14"]
[White "So, Wesley"]
[Black "Nakamura, Hikaru"]
[Result "1/2-1/2"]
[WhiteElo "2816"]
[BlackElo "2736"]
[Annotator "TA"]
[PlyCount "147"]
[EventDate "2020.10.31"]
[EventType "k.o."]
[EventCountry "NET"]

{[%evp 9,146,16,18,11,3,4,12,10,10,7,11,10,11,18,3,12,1,11,16,19,12,-7,7,7,7,6,9,0,0,0,0,0,0,-22,0,-114,-129,-111,-44,-33,61,-27,-28,-47,-10,-17,-14,-14,0,0,0,0,76,72,118,123,83,40,78,0,174,0,0,0,0,0,0,0,0,0,0,0,0,0,58,80,276,249,304,0,0,0,0,0,0,0,0,0,0,0,0,0,0,0,0,0,0,0,83,83,83,83,83,83,83,0,0,0,0,0,0,0,0,0,0,0,0,0,0,0,0,0,0,0,0,0,0,0,0,0,0,0,0,0,0,0,0,0,0]} 1. e4 e5 2. Nf3 Nc6 3. Bb5 Nf6 4. d3 (4. O-O Nxe4 5. d4 Nd6 6. dxe5 Nxb5 7. a4 Nbd4 8. Nxd4 Nxd4 9. Qxd4 d5 10. exd6 Qxd6 11. Qe4+ Qe6 12. Qd4 Qd6 13. Qe4+ Qe6 14. Qd4 Qd6 {½-½ (14) So,W (2770)-Nakamura,H (2736) chess.com INT 2020}) 4... Bc5 5. c3 d5 6. exd5 {C65: Ruy Lopez: Berlin Defence (3...Nf6), unusual lines and 4 0-0 Bc5.} Qxd5 7. Bc4 Qd6 8. b4 Bb6 9. a4 O-O 10. Nbd2 Bf5 11. Ba3 e4 $1 {[%cal Re4f3]} ({Wrong is} 11... Bxd3 $2 12. b5 $18) 12. dxe4 Nxe4 13. Nxe4 Bxe4 14. Qxd6 cxd6 15. O-O-O Rac8 16. Bd5 Bxd5 17. Rxd5 Ne5 18. Kc2 Nc4 19. Bc1 Bxf2 20. Kb3 Rfe8 {[#]} 21. Bf4 $146 (21. Nd2 $5 {[%cal Rd2c4]} Re5 22. Rd3 Nxd2+ 23. Bxd2 $11) ({Predecessor:} 21. Rf1 Be3 22. Re1 Re6 23. Bxe3 Nxe3 24. Rd3 Nc4 25. a5 Rxe1 26. Nxe1 Kf8 27. Nf3 {0-1 (59) Nepomniachtchi,I (2784)-Aronian,L (2781) Chess.com INT 2020}) 21... h6 22. Rhd1 (22. Nd2 $11 Nxd2+ 23. Bxd2) 22... g5 $1 $17 {[%cal Rg5f4]} 23. Bc1 Be3 (23... g4 $1 $17 {[%cal Rg4f3]} 24. Nd4 Ne3) 24. Nd4 $15 a5 (24... Bxc1 $15 25. Rxc1 Nd2+ 26. Kb2 a5) 25. bxa5 ({White should try} 25. Re1 $1 $14) 25... Bxc1 26. Rxc1 Re5 27. Rxe5 dxe5 $11 {[%mdl 4096] Endgame KRN-KRN} (27... Nxe5 $6 28. Nf5 $16) 28. Nf5 Nxa5+ 29. Kb4 {Hoping for Ne7+.} Nc6+ 30. Kb5 Rd8 (30... Ra8 $11 {remains equal.}) 31. Kb6 $1 $16 Rd2 32. Kxb7 Nd8+ 33. Kb6 Rxg2 34. c4 (34. Nd6 $16) 34... Rf2 $2 (34... Rb2+ $11 35. Kc7 Ne6+ 36. Kd6 Rxh2) 35. Nxh6+ $2 (35. Nd6 $1 $18) 35... Kg7 $11 {White must now prevent ...Rf6+.} 36. Ng4 $1 {[%csl LRe5,LRf2]} Rb2+ 37. Kc7 Ne6+ 38. Kd6 e4 39. c5 Rd2+ 40. Ke5 Ra2 41. c6 (41. Kxe4 Rxa4+ 42. Kf3 Nd4+ 43. Kf2 Nb3 $15) 41... e3 (41... Rxa4 $11 42. c7 Ra5+ 43. Kxe4 f5+ 44. Ke3 Ra3+ 45. Kf2 Ra2+ 46. Kg1 Nxc7) 42. Nxe3 $14 Nc7 $2 (42... Rxa4 $16 {was necessary.} 43. c7 Nxc7) 43. Nd5 Na6 44. c7 $2 (44. Kd6 $18) 44... Nxc7 $1 $11 45. Rxc7 {And now Nc3 would win.} Rxa4 {KRN-KR} 46. Rc2 Ra5 47. Rf2 {aiming for Kd6.} Kg6 48. Ke4 Ra4+ 49. Kf3 {Ke3 is the strong threat.} f5 50. Kg2 {Threatens to win with Ne7+.} Ra5 51. Ne3 Re5 52. Nf1 f4 53. h3 Ra5 {[#]} (53... Kh5 $1 $11 {keeps the balance.}) 54. Nh2 $1 $16 Ra3 55. Nf3 Kf5 56. Rc2 Ra5 {[#]} 57. Rb2 (57. Nh2 $1 $16) 57... g4 $11 {The position is equal.} 58. Nd4+ Ke4 59. hxg4 {Strongly threatening Ne6.} Kxd4 {KR-KR} 60. Kf3 Ke5 61. Re2+ {Cut Off at move 61} Kf6 62. Kxf4 Ra4+ 63. Re4 (63. Kg3 {is interesting.} Ra1 64. Rd2 Rf1 65. Rd8 Rc1 66. Rf8+) 63... Rxe4+ 64. Kxe4 {KP-K} Kg5 65. Ke5 Kg6 66. Kf4 Kf6 67. g5+ Kg6 68. Kg4 Kg7 69. Kf5 Kf7 70. g6+ Kg7 71. Kg5 Kg8 72. Kf6 {Intending g7 and mate.} Kf8 73. g7+ Kg8 74. Kg6 {Weighted Error Value: White=0.23/Black=0.26} 1/2-1/2

[Event "Speed Chess Championship 2020"]
[Site "Online"]
[Date "2020.12.12"]
[Round "3.14"]
[White "Vachier-Lagrave, Maxime"]
[Black "Carlsen, Magnus"]
[Result "1-0"]
[WhiteElo "2784"]
[BlackElo "2862"]
[Annotator "TA"]
[PlyCount "123"]
[EventDate "2020.10.31"]
[EventType "k.o."]
[EventCountry "NET"]
[SourceTitle "playchess.com"]
[Source "ChessBase"]
[SourceQuality "1"]

{[%evp 10,123,27,34,29,21,15,23,16,16,33,12,18,13,39,0,0,-14,18,22,16,0,22,-24,-20,-14,-14,-20,0,-8,0,0,38,37,47,10,10,11,11,14,18,13,15,12,39,3,3,2,70,9,83,77,80,97,97,100,80,74,80,78,74,66,82,39,41,45,52,8,32,32,27,29,29,28,73,36,63,26,26,8,10,7,8,8,77,77,79,78,190,187,216,99,116,84,84,84,84,84,229,84,638,625,579,547,470,439,3404,2394,29978,29979,29985,29986,29990,29991,29991,29992]} 1. e4 c6 2. Nf3 d5 3. Nc3 dxe4 4. Nxe4 Nf6 5. Qe2 Nxe4 6. Qxe4 Nd7 {B11: Caro-Kann: Two Knights Variation.} 7. Bc4 Nf6 8. Ne5 {[%csl Ge5][%cal Rc4f7]} e6 {White has an edge.} 9. Qe2 b5 10. Bb3 ({But not} 10. Nxc6 Qc7 $15) 10... Qc7 11. d4 Bd6 12. Bg5 $5 {[%mdl 4] [#] A promising side line.} a5 $146 {Threatens to win with ...a4.} ({Predecessor:} 12... O-O 13. Bxf6 gxf6 14. Nd3 Kh8 15. f4 Bb7 16. Qf2 Rad8 17. Nc5 Bxc5 18. dxc5 Qa5+ {½-½ (24) Warmerdam,M (2422)-Buhmann,R (2574) Germany 2019}) 13. c3 Ba6 14. O-O Nd5 15. Bc2 c5 16. Bd3 O-O 17. Bd2 cxd4 18. cxd4 Qb7 19. Qe4 {[%csl Gd3][%cal Re4h7]} f5 20. Qe2 Bxe5 21. Qxe5 Rf6 22. a3 (22. Rfc1 {feels hotter.} b4 23. Bc2 Rg6 24. f3 Qd7 25. Bb3) 22... b4 23. Bxa6 Rxa6 24. axb4 axb4 25. Rxa6 Qxa6 26. Bxb4 h6 27. Qb8+ Kh7 28. Bd6 Rf7 (28... Rg6 $11) 29. Be5 ({White should try} 29. Re1 $14) 29... Qb7 (29... Rb7 $11 30. Qc8 Ne7) 30. Qd6 $1 $16 Qb6 31. Qxb6 Nxb6 {[%mdl 4096] Endgame KRB-KRN} 32. Rc1 Nd5 33. h4 Kg6 34. Rc6 Re7 35. Kh2 Kh5 36. Kh3 g5 37. hxg5 hxg5 38. f3 g4+ (38... Kg6 {is interesting.} 39. Rc8 Rh7+ 40. Kg3 Ra7 41. Rg8+ Kh5) 39. fxg4+ fxg4+ 40. Kg3 Kg5 41. Rc8 Rb7 42. Rg8+ (42. Rb8 $5 {[%cal Rb8b7]} Ra7 43. Rg8+ Kf5 44. Rxg4 $16) 42... Kf5 43. Rxg4 Rxb2 44. Rg7 Ke4 45. Kh3 Ne3 46. Rg6 Rb1 (46... Rb6 $11 {remains equal.}) 47. Rxe6 Rh1+ 48. Kg3 {Hoping for Bf4+.} Nf5+ (48... Kd3 $16) 49. Kf2 $1 $18 Ra1 50. Bf6+ (50. Bc7+ $18 {is more deadly.} Kxd4 51. g4 Ra2+ 52. Kf3 Ra3+ 53. Kf4) 50... Kf4 $16 51. g3+ Kg4 52. Re4+ Kh3 53. Be5 {Strongly threatening g4.} Ra3 {[#]} (53... Ra4 $16 54. Re1 Ra3) 54. g4 (54. Ke2 $1 $18 {is the precise move to win.}) 54... Nh6 $2 {[%mdl 8192]} (54... Ra2+ $16 55. Kf3 Nxd4+ 56. Kf4 (56. Bxd4 Rg2 $14) 56... Rf2+ 57. Kg5 Nf3+ 58. Kh5 Rd2) 55. g5 $18 Ng4+ 56. Ke2 Ra2+ {[#]} 57. Ke1 $1 Nf2 (57... Ra1+ $142 58. Kd2 Ra2+ 59. Kc3 Ra6) 58. Re3+ Kg4 59. g6 {White mates.} Kf5 60. g7 Ng4 61. g8=Q Ra1+ 62. Ke2 {Weighted Error Value: White=0.15/Black=0.45} 1-0

[Event "Speed Chess Championship 2020"]
[Site "Online"]
[Date "2020.12.12"]
[Round "3.15"]
[White "Carlsen, Magnus"]
[Black "Vachier-Lagrave, Maxime"]
[Result "1-0"]
[WhiteElo "2862"]
[BlackElo "2784"]
[Annotator "TA"]
[PlyCount "153"]
[EventDate "2020.10.31"]
[EventType "k.o."]
[EventCountry "NET"]
[SourceTitle "playchess.com"]
[Source "ChessBase"]
[SourceQuality "1"]

{[%evp 13,153,0,0,-9,0,-4,-4,-6,2,-3,14,7,8,0,13,0,0,-4,-10,-7,-15,-15,-10,-30,-21,-41,-15,-25,-13,-14,-18,-64,-67,-55,-62,-58,-48,-63,-17,-25,0,0,0,0,0,0,0,0,0,0,0,0,0,0,0,0,17,17,17,0,17,17,68,17,17,17,17,17,25,16,45,39,40,20,62,23,147,16,72,10,129,129,129,129,129,129,129,129,127,75,75,75,94,43,75,75,75,75,75,75,75,75,57,50,116,116,116,112,337,282,170,161,157,44,44,44,50,57,57,8,58,58,72,65,151,151,134,88,575,564,474,470,470,421,463,463,394,366,1066,1110,1110,577]} 1. e4 c5 2. Nf3 d6 3. Bc4 Nf6 4. d3 g6 5. O-O Bg7 6. Nc3 O-O 7. h3 Nc6 8. a3 {B30: Sicilian: 2...Nc6 3 Bb5, lines without ...g6.} a6 9. Ba2 $1 {[%mdl 4] outshines the older 9.Be3. 9.Be3 is not played anymore.} b5 10. Re1 {The position is equal.} Bb7 11. Bf4 {[#]} e5 $146 ({Predecessor:} 11... Rc8 12. Qd2 Nd7 13. Bg5 Qa5 14. a4 b4 15. Nd1 e6 16. Ne3 Qc7 17. c3 a5 {½-½ (31) Kamsky,G (2672)-Gauri,S (2365) Arlington 2015}) 12. Bg5 h6 13. Bxf6 Qxf6 14. Nd5 Qd8 $1 15. c3 Ne7 16. Nxe7+ Qxe7 17. a4 Kh7 18. axb5 axb5 19. Bb3 f5 20. Rxa8 Bxa8 21. Nd2 Bc6 22. Bd5 Bxd5 23. exd5 Qb7 24. Qb3 Ra8 25. Nb1 h5 26. Na3 Rb8 27. c4 {[%cal Ra3b5]} bxc4 28. Qxb7 Rxb7 29. Nxc4 $11 {[%mdl 4096] Endgame KRB-KRN} Rb3 30. Rd1 $1 Bf8 31. Kf1 Kg7 32. Ke2 e4 33. dxe4 fxe4 34. Kd2 Kf6 35. Kc2 Rb7 36. Ra1 Rf7 37. Kd2 Kg5 (37... Bh6+ $11 38. Ke1 Rd7) 38. Ke2 (38. Ke3 $14) 38... Rb7 39. Ra3 Rb4 40. b3 h4 41. Kd2 Rb7 42. Ra8 Be7 43. Kc2 Kf6 44. Ra4 g5 (44... Kf5 $11) 45. Ra8 (45. Na5 $1 $16 {[%cal Ra5b7]} Rc7 46. Rxe4) 45... Kf7 (45... Kg6 $11 {remains equal.}) 46. Ra6 ({White should play} 46. g4 $16) 46... Rb4 (46... Kf6 $11 {keeps the balance.}) 47. Nxd6+ $16 Bxd6 48. Rxd6 {KR-KR} Rd4 49. Re6 Rxd5 50. Rxe4 Kf6 51. Re3 (51. g4 $142 $1) 51... Rf5 52. Re2 $1 Rf4 53. f3 (53. Kc3 $16) 53... Rd4 54. Re4 {Strongly threatening Rxd4.} Rd5 55. Rc4 Kf5 56. Kc3 Re5 57. Kd3 Rd5+ 58. Ke3 Re5+ {[#]} ({Black should try} 58... Ke5 $14) 59. Re4 $1 Rd5 {[#]} 60. f4 $1 gxf4+ $2 (60... Kf6 $16 61. fxg5+ Rxg5) 61. Rxf4+ $18 {[%mdl 64] Double Attack. Cut Off at move 61} Kg5 {intending ...Rd3+.} 62. Rg4+ Kh5 63. Rc4 (63. g3 $16) 63... Rg5 $14 64. Kf2 Rf5+ 65. Ke2 Re5+ 66. Kf3 Rf5+ 67. Rf4 Rd5 68. Ke4 Rd4+ (68... Rd2 $14) 69. Ke3 $16 Rd5 70. Rf8 Re5+ $2 {[%mdl 8192]} (70... Kg5 $16 {is tougher.}) 71. Kd3 $18 Kg5 72. Rg8+ Kh5 73. Kc4 Kh6 74. Rc8 Re2 75. Rh8+ Kg5 $2 (75... Kg7 76. Rxh4 Rc2+ 77. Kd3 Rb2) 76. Rg8+ Kf4 77. Kxc5 {Weighted Error Value: White=0.13/Black=0.24} 1-0

[Event "Speed Chess Championship 2020"]
[Site "Online"]
[Date "2020.12.12"]
[Round "3.16"]
[White "So, Wesley"]
[Black "Nakamura, Hikaru"]
[Result "1-0"]
[WhiteElo "2816"]
[BlackElo "2736"]
[Annotator "TA"]
[PlyCount "55"]
[EventDate "2020.10.31"]
[EventType "k.o."]
[EventCountry "NET"]

{[%evp 9,55,13,20,13,13,8,12,12,14,18,15,19,20,20,23,0,23,0,25,0,0,0,0,-47,144,143,409,409,481,472,448,406,498,512,507,474,478,473,378,457,29994,793,29995,795,772,766,29995,29996]} 1. e4 e5 2. Nf3 Nc6 3. Bb5 Nf6 4. d3 (4. O-O Nxe4 5. d4 Nd6 6. dxe5 Nxb5 7. a4 Nbd4 8. Nxd4 Nxd4 9. Qxd4 d5 10. exd6 Qxd6 11. Qe4+ Qe6 12. Qd4 Qd6 13. Qe4+ Qe6 14. Qd4 Qd6 {½-½ (14) So,W (2770)-Nakamura,H (2736) chess.com INT 2020}) 4... Bc5 5. c3 d5 6. exd5 {C65: Ruy Lopez: Berlin Defence (3...Nf6), unusual lines and 4 0-0 Bc5.} Qxd5 {...Bxf2+! is the strong threat.} 7. Bc4 Qd6 8. Qe2 {Hoping for d4.The position is equal.} O-O 9. Bg5 Bf5 10. Bxf6 Qxf6 11. Nbd2 {[%cal Bb1d2,Bd2e4,Be4g3,Bg3e4][%mdl 32] [#]} Bb6 $146 ({Predecessor:} 11... Bd6 12. O-O Rae8 13. Rfe1 Bd7 14. Bd5 Re7 15. a4 Nd8 16. a5 Kh8 17. Qe3 a6 {½-½ (37) Lu,S (2629)-Yakubboev,N (2512) Hamedan 2018}) 12. Ne4 Qe7 13. Ng3 Bg6 14. h4 {Black must now prevent h5.} h6 $1 15. h5 Bh7 16. Nh4 {next Ng6 is good for White.} Rad8 $2 (16... Kh8 $1 $15 {stays ahead.}) 17. Ng6 $1 $36 {[%cal Rg6e7][%mdl 2112] Double Attack. White is in control.} Qg5 $2 {[%mdl 8192] A mistake that costs the game.} (17... Qd7 $16) 18. Ne4 $1 $18 {[%cal Re4g5]} ({Less strong is} 18. Nxf8 Kxf8 19. Qf3 Qf4 $16) 18... Qxg2 19. O-O-O Bxg6 20. hxg6 Qxg6 21. Rdg1 Qf5 22. Rxh6 {Intending Qh5 and mate.} Qf4+ 23. Qd2 {White wants to mate with Qxf4.} Qxe4 24. Rhg6 $1 {[%cal Rg6g7] [#]} ({Weaker is} 24. dxe4 Rxd2 25. Kxd2 Na5 $16) 24... Qh4 (24... Qxg6 $1 $18 25. Rxg6 Ne7) 25. Rxg7+ Kh8 26. R7g4 (26. Qg5 $142 Qf4+ 27. Kb1 Qh2 {[#]} 28. Rh7+ $1 {[%mdl 512]} Qxh7 29. Qf6+ Qg7 30. Qxg7#) 26... Qh7 27. Qg5 {White threatens Qf6+ and mate.} f6 28. Qh4 {Weighted Error Value: White=0.10/Black=0.90} 1-0